=LDR 00000nam 2200000 4500 =001 INLIS000000000021679 =005 20130612120521 =008 ***********************************Ind** =035 ##$$0010-061300000021679 =041 ##$$a Ind =082 ##$$a 792.1 =090 ##$$a 792.1, Hud-m =100 ##$$a HUDA SA, Nurul =245 ##$$a Melawan Lupa, Paradoks-Tragedi-Ironi, Nurul Huda SA =260 ##$$a 2003 $b Yogyakarta =300 ##$$a xv, 215 hlm., 21 cm =650 ##$$a Lupa- Tragedi =850 ##$$a NBPNMAT